000 00797cab a2200229 4500
001 ABS59457
008 090401t1998 xxu||||| |||| 00| 0 eng d
035 _a(Sirsi) u89472
041 _aeng
100 _aLawson, D.
245 4 _aThe green house effect
260 _c1998
350 _a0
490 _aProperty Week
_v63(27) 30 Octover 1998, 30-31(2)
520 _aReports on how much of the hype over environmentally friendly construction methods is not followed up in practice. Details proposals made in a Property Advisory Group report to encourage better practice.
650 _aENVIRONMENTALLY FRIENDLY PRACTICES
650 _aPROPERTY ADVISORY GROUP
650 _aSUSTAINABLE CONSTRUCTION
690 _aENVIRONMENTAL AND LAND CONSULTANCY
942 _n0
948 _c04/11/1998
999 _c56611
_d56611